000 00358nam a2200133Ia 4500
008 240624s9999 xx 000 0 und d
041 _aeng
082 _a658.4092 GOR
100 _aGORDON JACK
245 _aPFEIFFER S CLASSIC ACTIVITIES FOR DEVELOPING L
260 _c2003
_aSan Francisco
_bPfeiffer
300 _axvi, : 435 : p. : cm. ; 29
365 _c
_b28
999 _c21309
_d21309